European nations by unfavorable opinion on the United States - Statistics

General Stats
  • This quiz has been taken 187 times
  • The average score is 14 of 16
Answer Stats
Dissapproval Answer % Correct
65% France
98%
72% Germany
96%
67% Spain
96%
76% Sweden
96%
65% Denmark
93%
73% Finland
93%
83% Norway
93%
69% Portugal
91%
74% The Netherlands
90%
79% Austria
88%
77% Iceland
88%
73% Belgium
87%
69% Switzerland
86%
66% Ireland
85%
71% Luxembourg
77%
69% Slovenia
57%
No matching quizzes found
Score Distribution
Percent of People with Each Score
Percentile by Number Answered
Your Score History
You have not taken this quiz